000 01333nam0a2200349 4500
001 RU\NLR\bibl\55859
005 20250616085718.0
021 _aRU
_b99-33039
_91627
035 _a(NLR Aleph) 000054469
090 _a293643
_c293643
100 _a19991029d1999 |||y0rusy50 ca
101 0 _arus
102 _aRU
105 _aa |||||||||
135 _acrgn 008aaaua
200 1 _aОсновы интенсивной реабилитации
_fВ.А. Качесов
210 _aМ.
_cБ.и.
_d1999
215 _a126 с., [8] л. ил., цв. ил.
_d21
320 _aБиблиогр. в конце гл.
325 _aКопия доступна в Электрон. б-ке РНБ http://vivaldi.nlr.ru/bx000001190/view
606 1 _aСпинной мозг
_xТравмы
_xРеабилитация больных
_91502538
_3RU\NLR\AUTH\66953453
686 _aР638.75-5
700 1 _aКачесов
_bВ. А.
_gВладимир Александрович
_4070
801 0 _aRU
_bNLR
_c19991029
_gPSBO
801 1 _aRU
_bNLR
_c19991029
852 _aNLR
_j99-3/13368
942 _cBOOK
980 _aNB
981 1 3 _a(13) Документы, защищенные авторским правом